|
|
|
|
| LEADER |
00000caa a2200000 c 4500 |
| 001 |
1421093510 |
| 003 |
DE-627 |
| 005 |
20220530114431.0 |
| 007 |
tu |
| 008 |
111005s1995 xx ||||| 00| ||ger c |
| 020 |
|
|
|a 3452232638
|
| 035 |
|
|
|a (DE-627)1421093510
|
| 035 |
|
|
|a (DE-576)351093516
|
| 035 |
|
|
|a (DE-599)BSZ351093516
|
| 040 |
|
|
|a DE-627
|b ger
|c DE-627
|e rakwb
|
| 041 |
|
|
|a ger
|
| 100 |
1 |
|
|a Sieber, Ulrich
|d 1950-
|0 (DE-588)130082309
|0 (DE-627)490289657
|0 (DE-576)16306864X
|4 aut
|
| 109 |
|
|
|a Sieber, Ulrich 1950-
|
| 245 |
1 |
0 |
|a Computerkriminalität und Informationsstrafrecht in der internationalen Informations- und Risikogesellschaft
|c von Ulrich Sieber
|
| 264 |
|
1 |
|c 1995
|
| 336 |
|
|
|a Text
|b txt
|2 rdacontent
|
| 337 |
|
|
|a ohne Hilfsmittel zu benutzen
|b n
|2 rdamedia
|
| 338 |
|
|
|a Band
|b nc
|2 rdacarrier
|
| 773 |
0 |
8 |
|i In
|t Neue Strafrechtsentwicklungen im deutsch-japanischen Vergleich
|d Köln [u.a.] : Heymann, 1995
|g (1995), Seite 33 - 65
|h X, 419 S
|w (DE-627)183992997
|w (DE-576)045474087
|z 3452232638
|7 nnam
|
| 773 |
1 |
8 |
|g year:1995
|g pages:33 - 65
|
| 935 |
|
|
|a mkri
|
| 951 |
|
|
|a AR
|
| ELC |
|
|
|b 1
|
| LOK |
|
|
|0 000 xxxxxcx a22 zn 4500
|
| LOK |
|
|
|0 001 2899321331
|
| LOK |
|
|
|0 003 DE-627
|
| LOK |
|
|
|0 004 1421093510
|
| LOK |
|
|
|0 005 20260210135521
|
| LOK |
|
|
|0 008 160208||||||||||||||||ger|||||||
|
| LOK |
|
|
|0 040
|a DE-21-110
|c DE-627
|d DE-21-110
|
| LOK |
|
|
|0 689
|a s
|a Computerkriminalität
|
| LOK |
|
|
|0 689
|a s
|a Risikogesellschaft
|
| LOK |
|
|
|0 689
|a s
|a Urheberstrafrecht
|
| LOK |
|
|
|0 689
|a s
|a Wirtschaftskriminalität
|
| LOK |
|
|
|0 689
|a s
|a Produktpiraterie
|
| LOK |
|
|
|0 689
|a s
|a Informationsstrafrecht
|
| LOK |
|
|
|0 852
|a DE-21-110
|
| LOK |
|
|
|0 852 1
|m p
|9 00
|
| LOK |
|
|
|0 935
|a k110
|
| LOK |
|
|
|0 938
|k p
|
| LOK |
|
|
|0 939
|a 08-02-16
|b l01
|
| ORI |
|
|
|a WA-MARC-krimdoka001.raw
|